[Event "Titled Tue 26th Aug Late"]
[Site "chess.com INT"]
[Date "2025.08.26"]
[Round "2"]
[White "Fuentes, Agustin"]
[Black "Tang, Austin"]
[Result "1-0"]
[WhiteElo "1924"]
[BlackElo "1920"]
[WhiteFideId "140040"]
[BlackFideId "30964580"]
[EventDate "2025.08.26"]

1. e4 c5 2. Nf3 d6 3. d4 cxd4 4. Nxd4 Nf6 5. Nc3 Nc6 6. Be2 e5 7. Nf3 h6 8. O-O
Be7 9. a3 a5 10. Qd3 O-O 11. Nd5 Nxd5 12. exd5 Nb8 13. c4 f5 14. Qc2 Nd7 15. Bd2
Bf6 16. Bc3 Nc5 17. Nd2 a4 18. b4 axb3 19. Nxb3 Nd7 20. Qxf5 e4 21. Bxf6 Nxf6
22. Qg6 Qe7 23. Nd4 Qe5 24. Nb5 Bd7 25. Rab1 e3 26. f4 Qe4 27. Bd3 Qxg6 28. Bxg6
Bxb5 29. Rxb5 Rxa3 30. Rxb7 e2 31. Re1 Re3 32. Kf2 Rc3 33. Rxe2 Ng4+ 34. Ke1
Rxc4 35. Ree7 Rc1+ 36. Kd2 1-0

[Event "Titled Tue 26th Aug Late"]
[Site "chess.com INT"]
[Date "2025.08.26"]
[Round "2"]
[White "Henderson de La Fuente, Andrea"]
[Black "Sakhayi, Mostafa"]
[Result "0-1"]
[WhiteTitle "WFM"]
[BlackTitle "CM"]
[WhiteElo "2013"]
[BlackElo "2166"]
[WhiteFideId "32096577"]
[BlackFideId "12512532"]
[EventDate "2025.08.26"]

1. e4 e5 2. Nf3 Nc6 3. Bb5 a6 4. Ba4 Nf6 5. d3 b5 6. Bb3 Be7 7. O-O O-O 8. Re1
d6 9. c3 Na5 10. Bc2 c5 11. Nbd2 Re8 12. Nf1 h6 13. Ng3 Bf8 14. Nh4 g6 15. d4
exd4 16. cxd4 Bb7 17. d5 Bg7 18. Nf3 Nc4 19. Rb1 Ng4 20. b3 Nce5 21. Nxe5 Nxe5
22. f4 Nd7 23. Bb2 Bxb2 24. Rxb2 Qf6 25. Qc1 c4 26. Rb1 Nc5 27. bxc4 bxc4 28.
Qd2 a5 29. Rbd1 Ba6 30. Qd4 Qh4 31. Rf1 Nd3 32. Bxd3 cxd3 33. f5 d2 34. Rf2 Re5
35. fxg6 fxg6 36. Rfxd2 Rae8 37. Re1 Bb7 38. Qb6 Bxd5 39. Qxd6 Bxe4 40. Nxe4
Qxe1# 0-1

[Event "Titled Tue 26th Aug Late"]
[Site "chess.com INT"]
[Date "2025.08.26"]
[Round "2"]
[White "Robert, Yoann"]
[Black "Dyachuk, Artem"]
[Result "0-1"]
[WhiteTitle "CM"]
[BlackTitle "FM"]
[WhiteElo "2169"]
[BlackElo "2298"]
[WhiteFideId "36018805"]
[BlackFideId "34107924"]
[EventDate "2025.08.26"]

1. d4 Nf6 2. Nc3 d5 3. Bf4 a6 4. e3 e6 5. g4 c5 6. g5 Nfd7 7. Qg4 Nc6 8. O-O-O
b5 9. Qg3 Ra7 10. Bxb5 axb5 11. Nxb5 Qa5 12. Nxa7 Qxa7 13. Kb1 c4 14. Ne2 Nb6
15. Bd6 Bxd6 16. Qxd6 Bd7 17. Nc3 Na4 18. Nxa4 Qxa4 19. c3 Ne7 20. Rde1 Nc8 21.
Qc5 Qc6 22. Qxc6 Bxc6 23. b3 Nd6 24. f3 Kd7 25. Kb2 Rb8 26. h4 cxb3 27. axb3 Ba4
28. b4 Nc4+ 29. Kb1 Ra8 30. Re2 Bb3 31. Rc1 Na3+ 32. Kb2 Bc4 33. Rd2 Bb5 34. Rf2
Nc4+ 35. Kb1 Nxe3 36. Ra2 Rc8 37. Ra7+ Kd6 38. Rxf7 Bd3+ 39. Kb2 Nc4+ 40. Kb3
Ra8 0-1

[Event "Titled Tue 26th Aug Late"]
[Site "chess.com INT"]
[Date "2025.08.26"]
[Round "2"]
[White "Shapiro, Daniel"]
[Black "Zakarian, David"]
[Result "0-1"]
[WhiteTitle "FM"]
[BlackTitle "FM"]
[WhiteElo "2284"]
[BlackElo "2301"]
[WhiteFideId "2001780"]
[BlackFideId "13301276"]
[EventDate "2025.08.26"]

1. d4 Nc6 2. Nf3 Nf6 3. c4 e6 4. a3 d5 5. Nc3 dxc4 6. e4 Na5 7. Bg5 Be7 8. Be2
O-O 9. Qc2 h6 10. Bf4 c5 11. O-O-O Nb3+ 12. Kb1 Nxd4 13. Nxd4 cxd4 14. Bxc4 Qa5
15. Nb5 a6 16. Bc7 b6 17. Nxd4 Bb7 18. Qb3 Bxe4+ 19. Ka1 Qh5 20. Qxb6 Nd5 21.
Bxd5 Bxd5 22. f3 Bf6 23. Nc6 Qg6 24. Nb4 Bb3 25. Rd2 Bg5 26. Rf2 a5 27. Nc6 Bd5
28. f4 Bf6 29. Ne5 Qe4 30. Rd1 Rfc8 0-1

[Event "Titled Tue 26th Aug Late"]
[Site "chess.com INT"]
[Date "2025.08.26"]
[Round "2"]
[White "Eminov, Orkhan"]
[Black "Pniaczek, Marek"]
[Result "1-0"]
[WhiteTitle "FM"]
[BlackTitle "FM"]
[WhiteElo "2246"]
[BlackElo "2188"]
[WhiteFideId "13402153"]
[BlackFideId "21800421"]
[EventDate "2025.08.26"]

1. e4 e5 2. Nf3 d6 3. d4 exd4 4. Nxd4 Nf6 5. Nc3 Be7 6. g3 O-O 7. Bg2 Nc6 8. O-O
Bd7 9. f4 Re8 10. h3 Nxd4 11. Qxd4 c5 12. Qd3 Bc6 13. Be3 b5 14. a3 Rb8 15. g4
Bf8 16. g5 Nd7 17. Rad1 b4 18. axb4 cxb4 19. Ne2 Nc5 20. Bxc5 dxc5 21. Qg3 Qb6
22. e5 Rbd8 23. f5 Bxg2 24. Kxg2 Qc6+ 25. Kh2 Qe4 26. Rxd8 Rxd8 27. Nf4 Qxf5 28.
e6 Rd2+ 29. Kg1 fxe6 30. Qe3 Qxg5+ 31. Kh1 Rd6 32. Rf3 Rd1+ 33. Kh2 Kh8 34. Nxe6
Bd6+ 35. Nf4 Bxf4+ 36. Rxf4 Rd8 37. Rf8+ Rxf8 38. Qxg5 h6 39. Qxc5 Rf6 40. Qxb4
Rf2+ 41. Kg3 Rxc2 42. Qf8+ 1-0

[Event "Titled Tue 26th Aug Late"]
[Site "chess.com INT"]
[Date "2025.08.26"]
[Round "2"]
[White "Sailer, Mike"]
[Black "Marn, Jan"]
[Result "0-1"]
[BlackTitle "FM"]
[WhiteElo "2108"]
[BlackElo "2378"]
[WhiteFideId "2012901"]
[BlackFideId "14619245"]
[EventDate "2025.08.26"]

1. c4 c6 2. g3 d5 3. Bg2 Nf6 4. Nf3 Bg4 5. O-O e6 6. d4 Nbd7 7. Bf4 Be7 8. Nc3
O-O 9. Qb3 Qb6 10. c5 Qxb3 11. axb3 a6 12. b4 Bxf3 13. Bxf3 Ne8 14. Bg2 f6 15.
f3 e5 16. Be3 Nc7 17. Bf2 Ne6 18. e3 exd4 19. exd4 Bd8 20. Bh3 Re8 21. Rfe1 Ndf8
22. Re2 Bc7 23. Rae1 Kf7 24. f4 g6 25. Bg2 Ng7 26. h3 Rxe2 27. Rxe2 Re8 28. Rxe8
Nxe8 29. Bf3 Ng7 30. Kg2 h5 31. Be2 Nf5 32. Kf3 Ne6 33. g4 hxg4+ 34. hxg4 Nfxd4+
35. Bxd4 Nxd4+ 36. Ke3 Nc2+ 37. Kf3 Nxb4 38. Nd1 Nc2 39. Bd3 Nd4+ 40. Ke3 Ne6
41. f5 gxf5 42. Bxf5 Nxc5 43. b4 Ne6 44. Nc3 a5 45. bxa5 Bxa5 46. Na4 Bb4 47.
Nb6 Bc5+ 0-1

[Event "Titled Tue 26th Aug Late"]
[Site "chess.com INT"]
[Date "2025.08.26"]
[Round "2"]
[White "Popov, Konstantin"]
[Black "Poleg, Matan"]
[Result "1-0"]
[WhiteTitle "IM"]
[BlackTitle "FM"]
[WhiteElo "2397"]
[BlackElo "2277"]
[WhiteFideId "34137910"]
[BlackFideId "2811472"]
[EventDate "2025.08.26"]

1. e4 e5 2. Nf3 Nc6 3. Bb5 a6 4. Ba4 Nf6 5. O-O Nxe4 6. d4 b5 7. Bb3 d5 8. dxe5
Be6 9. c3 Be7 10. Nbd2 O-O 11. Bc2 f5 12. Nb3 Qd7 13. Nbd4 Nd8 14. Nxe6 Nxe6 15.
Nd4 Nxd4 16. cxd4 c5 17. f3 Ng5 18. dxc5 Bxc5+ 19. Kh1 Ne6 20. Qd3 Rac8 21. Bb3
Rcd8 22. Bd2 g6 23. Ba5 Rc8 24. Qxd5 Qxd5 25. Bxd5 Kf7 26. Rad1 Ke7 27. b4 Be3
28. Rfe1 Bf2 29. Re2 Ba7 30. Bb7 Rc3 31. Red2 Bd4 32. Bxa6 Bxe5 33. Bxb5 Rfc8
34. a4 Nd4 35. Bf1 Rc1 36. b5 Nb3 37. Bb4+ Kf6 38. Rd3 Rxd1 39. Rxd1 Bc3 40.
Bxc3+ Rxc3 41. f4 Rc2 42. g3 Ra2 43. Bc4 Rxa4 44. Bxb3 Rb4 45. Rd6+ Kg7 46. Rd7+
Kh6 47. Bg8 Rb1+ 48. Kg2 Rb2+ 49. Kh3 g5 50. Rxh7+ Kg6 51. fxg5 Rxb5 52. Rh4 f4
53. Rxf4 Kxg5 54. Be6 Kh6 55. Bg4 Rb2 56. Bf3 Kg7 57. g4 Kg6 58. Kg3 Kg7 59. h4
Rd2 60. g5 Kh8 61. h5 Kg7 62. Be4 Kh8 63. h6 Rd8 64. g6 Kg8 65. Kg4 Rc8 66. Bd5+
Kh8 67. g7+ Kh7 68. g8=Q+ Rxg8+ 69. Bxg8+ Kh8 70. Kg5 Kxg8 71. Kg6 Kh8 72. Rf8# 1-0

[Event "Titled Tue 26th Aug Late"]
[Site "chess.com INT"]
[Date "2025.08.26"]
[Round "2"]
[White "Hejazipour, Mitra"]
[Black "Garcia Correa, Jose Ricardo"]
[Result "1-0"]
[WhiteTitle "WGM"]
[BlackTitle "FM"]
[WhiteElo "2329"]
[BlackElo "2103"]
[WhiteFideId "12505951"]
[BlackFideId "5101832"]
[EventDate "2025.08.26"]

1. e4 e5 2. Nf3 Nc6 3. Bb5 Bc5 4. d3 Qf6 5. O-O h6 6. c3 a6 7. Bxc6 dxc6 8. d4
exd4 9. cxd4 Bb6 10. Nc3 Ne7 11. Be3 Bg4 12. h3 Bh5 13. g4 Bg6 14. Ne5 O-O-O 15.
f4 Qh4 16. Kg2 c5 17. d5 Rhf8 18. Qe1 Qxe1 19. Raxe1 f6 20. Nc4 Ba7 21. a4 Be8
22. Rd1 b5 23. axb5 axb5 24. Na5 b4 25. Ne2 Bb6 26. Nc4 Bb5 27. b3 Kb7 28. Rd2
Nc8 29. e5 Rfe8 30. e6 c6 31. Nxb6 Kxb6 32. Rc1 Bxe2 33. Bxc5+ Kc7 34. Rxe2 Rxd5
35. f5 g6 36. Rf2 g5 37. Bxb4 Rb5 38. Bc3 Rf8 39. b4 Ne7 40. Rfc2 Kd6 41. Bd4
Re8 42. Bc5+ Kd5 43. Bxe7 Rxe7 44. Rd2+ Ke4 45. Re1+ Kf4 46. Rf2# 1-0

[Event "Titled Tue 26th Aug Late"]
[Site "chess.com INT"]
[Date "2025.08.26"]
[Round "2"]
[White "Subervi, Jonathan Sigfredo"]
[Black "Dotzer, Lukas"]
[Result "1-0"]
[WhiteTitle "FM"]
[BlackTitle "IM"]
[WhiteElo "2007"]
[BlackElo "2472"]
[WhiteFideId "6400345"]
[BlackFideId "1666975"]
[EventDate "2025.08.26"]

1. e4 c6 2. d4 d5 3. exd5 cxd5 4. Bd3 Nc6 5. c3 Nf6 6. h3 e6 7. Bf4 Qb6 8. Qb3
Qa5 9. Nd2 Be7 10. Ngf3 O-O 11. O-O b6 12. Ne5 Nxe5 13. dxe5 Nd7 14. Bb1 Ba6 15.
Re1 Nc5 16. Qd1 Qa4 17. Qf3 Qb5 18. Qg3 Qxb2 19. Nf3 g6 20. h4 Qxa1 21. h5 Qxc3
22. hxg6 fxg6 23. Bxg6 Kh8 24. Qh3 Rf7 25. Bxf7 Bd3 26. Bxe6 Rf8 27. Bh6 Rxf3
28. Rc1 1-0

[Event "Titled Tue 26th Aug Late"]
[Site "chess.com INT"]
[Date "2025.08.26"]
[Round "2"]
[White "Tica, Sven"]
[Black "Niemann, Hans Moke"]
[Result "0-1"]
[WhiteTitle "IM"]
[BlackTitle "GM"]
[WhiteElo "2442"]
[BlackElo "2736"]
[WhiteFideId "14526948"]
[BlackFideId "2093596"]
[EventDate "2025.08.26"]

1. Nf3 d5 2. g3 Nc6 3. Bg2 Bf5 4. d3 e5 5. Nc3 d4 6. Nb1 Qd7 7. c3 O-O-O 8. cxd4
exd4 9. Nbd2 h5 10. h4 Nf6 11. Nc4 Bb4+ 12. Bd2 Bxd2+ 13. Qxd2 Rhe8 14. Rc1 Kb8
15. b4 Ng4 16. O-O Nce5 17. Nfxe5 Nxe5 18. Nxe5 Rxe5 19. Rc5 Rde8 20. Rxe5 Rxe5
21. Rc1 a6 22. Bf3 Bg4 23. Qf4 f6 24. Rc4 Bxf3 25. Qxf3 a5 26. a3 axb4 27. axb4
Rd5 28. Qe4 c6 29. Kg2 Ka7 30. Qf4 Kb6 31. Qc1 Qe7 32. Qb2 Qe5 33. Qa2 g5 34.
hxg5 fxg5 35. Rc1 h4 36. g4 Qf4 37. Ra1 Qxg4+ 38. Kh2 Qf4+ 39. Kg2 h3+ 40. Kg1
Qg4+ 41. Kf1 h2 0-1

[Event "Titled Tue 26th Aug Late"]
[Site "chess.com INT"]
[Date "2025.08.26"]
[Round "2"]
[White "Purygin, Andrei"]
[Black "Maria, Lia-Alexandra"]
[Result "1-0"]
[WhiteTitle "FM"]
[BlackTitle "WFM"]
[WhiteElo "2309"]
[BlackElo "2092"]
[WhiteFideId "24111180"]
[BlackFideId "1248952"]
[EventDate "2025.08.26"]

1. e4 c5 2. d4 cxd4 3. c3 Nf6 4. e5 Nd5 5. Qxd4 e6 6. Nf3 Nc6 7. Qg4 d6 8. Bc4
dxe5 9. O-O Bd7 10. Rd1 Qc7 11. Na3 a6 12. Nc2 h5 13. Qg3 Nf4 14. Nxe5 Nxe5 15.
Bxf4 Qxc4 16. Bxe5 O-O-O 17. Rd4 Qb5 18. Bb8 Qb6 19. b4 Be7 20. c4 h4 21. Qf4 e5
22. Bxe5 f6 23. Bd6 g5 24. Qd2 Bxd6 25. Rxd6 Qc7 26. Rd1 Bf5 27. Ne3 Be4 28. c5
Rde8 29. Nc4 f5 30. Rd7 Qc6 31. Nb6+ Kb8 32. Qd6+ 1-0

[Event "Titled Tue 26th Aug Late"]
[Site "chess.com INT"]
[Date "2025.08.26"]
[Round "2"]
[White "Vlassov, Nikolai"]
[Black "Ibarra Jerez, Jose Carlos"]
[Result "0-1"]
[WhiteTitle "IM"]
[BlackTitle "GM"]
[WhiteElo "2301"]
[BlackElo "2545"]
[WhiteFideId "4103360"]
[BlackFideId "2226332"]
[EventDate "2025.08.26"]

1. e4 c5 2. c3 d5 3. exd5 Nf6 4. d4 Nxd5 5. dxc5 e6 6. b4 a5 7. Bb5+ Bd7 8.
Bxd7+ Nxd7 9. Qb3 Qf6 10. Bb2 Qe5+ 11. Ne2 Nf4 12. Qc4 Nd5 13. a3 Qf5 14. O-O
Qc2 15. Ra2 b5 16. Qxb5 Qb3 17. c6 N7b6 18. c7+ Ke7 19. c4 Qxc4 20. Qxc4 Nxc4
21. bxa5 Kd7 22. Nbc3 Rxa5 23. Nxd5 Rxd5 24. Bd4 Bd6 25. Rc1 Nxa3 26. Bxg7 Rc8
27. Bb2 Nb5 28. Nc3 Nxc3 29. Bxc3 Rxc7 30. g3 Rdc5 31. Rac2 Ke8 32. Kg2 Be5 33.
Bxe5 Rxc2 0-1

[Event "Titled Tue 26th Aug Late"]
[Site "chess.com INT"]
[Date "2025.08.26"]
[Round "2"]
[White "Shton, Roman"]
[Black "Kaufman, David"]
[Result "0-1"]
[BlackTitle "IM"]
[WhiteElo "2081"]
[BlackElo "2447"]
[WhiteFideId "14137461"]
[BlackFideId "34220194"]
[EventDate "2025.08.26"]

1. d4 Nf6 2. Nf3 d5 3. g3 e6 4. Bg2 Be7 5. O-O O-O 6. c4 c6 7. Qc2 b6 8. Nbd2
Bb7 9. e4 Na6 10. e5 Nd7 11. Re1 c5 12. cxd5 Bxd5 13. Ne4 Rc8 14. Qa4 Nb4 15.
Bg5 Bxg5 16. Nexg5 cxd4 17. Qxb4 d3 18. Ne4 Rc4 19. Qd6 Rxe4 20. Nd2 Rxe1+ 21.
Rxe1 Bxg2 22. Kxg2 Nc5 23. Nc4 Qa8+ 24. f3 Rd8 25. Qe7 Rd7 26. Qg5 Qd5 27. b3 b5
28. Ne3 h6 29. Qf4 Qd4 30. Qxd4 Rxd4 31. Rd1 g5 32. Kf2 h5 33. Ng2 Rd5 34. f4 d2
35. Ke3 Rd3+ 36. Ke2 Rc3 37. Rxd2 Ne4 38. Rd8+ Kg7 39. Ne3 g4 40. f5 Rc5 41. f6+
Kh7 42. Rf8 Ng5 43. Ra8 Rxe5 44. Rxa7 Kg6 45. Kd3 Nf3 46. a4 bxa4 47. bxa4 Rc5
48. a5 Ne5+ 49. Ke4 Nc6 50. a6 Nxa7 51. Kd4 Ra5 0-1

[Event "Titled Tue 26th Aug Late"]
[Site "chess.com INT"]
[Date "2025.08.26"]
[Round "2"]
[White "Velikanov, Alexander"]
[Black "Nicot, Valentin"]
[Result "0-1"]
[WhiteTitle "IM"]
[BlackTitle "CM"]
[WhiteElo "2364"]
[BlackElo "2140"]
[WhiteFideId "2039290"]
[BlackFideId "651002477"]
[EventDate "2025.08.26"]

1. e4 g6 2. d4 Bg7 3. Nc3 d6 4. Be3 a6 5. g4 b5 6. h4 Bb7 7. h5 b4 8. Nd5 e6 9.
Nxb4 Bxe4 10. Rh3 Nd7 11. Nxa6 Ngf6 12. h6 Bf8 13. g5 Nd5 14. Bd3 Bxd3 15. Qxd3
Nxe3 16. Rxe3 Qxg5 17. Nxc7+ Ke7 18. Nxa8 Qxg1+ 19. Qf1 Qxf1+ 20. Kxf1 Bxh6 21.
Ra3 Rb8 22. Rb1 Bg7 23. c3 h5 24. b4 h4 25. b5 e5 26. d5 f5 27. b6 g5 28. b7 Kd8
29. Ra7 Nc5 30. Nb6 Rxb7 31. Rxb7 Nxb7 32. Nc4 Kc7 33. Rxb7+ Kxb7 34. Nxd6+ Kc7
35. Nxf5 Bf6 36. c4 Kb6 0-1

[Event "Titled Tue 26th Aug Late"]
[Site "chess.com INT"]
[Date "2025.08.26"]
[Round "2"]
[White "Pribelszky, Bence"]
[Black "Chen, Yidong"]
[Result "0-1"]
[WhiteTitle "IM"]
[WhiteElo "2428"]
[BlackElo "2068"]
[WhiteFideId "769738"]
[BlackFideId "8607028"]
[EventDate "2025.08.26"]

1. e4 c5 2. Nf3 d6 3. Bb5+ Nc6 4. c3 Bd7 5. O-O a6 6. Ba4 b5 7. Bc2 Bg4 8. h3
Bxf3 9. Qxf3 Nf6 10. Re1 e6 11. Qd1 Be7 12. d4 cxd4 13. cxd4 O-O 14. a3 e5 15.
Be3 exd4 16. Bxd4 Nxd4 17. Qxd4 Rc8 18. Nc3 Re8 19. Qd3 Qc7 20. Rac1 g6 21. Bb3
Qa7 22. Qf3 Qd4 23. Rcd1 Qe5 24. Re2 Bf8 25. g4 Bg7 26. h4 Rc7 27. g5 Nh5 28.
Nd5 Rd7 29. Rc1 h6 30. Qg4 Red8 31. Rd2 Rb7 32. f4 Qxe4 33. Re2 Qd3 34. Kh1 Ng3+
35. Kg2 Nxe2 36. Re1 Qxb3 37. Nf6+ Bxf6 38. gxf6 Qg3+ 39. Qxg3 Nxg3 40. Kxg3 Rc7
41. f5 gxf5 42. Kf4 d5 43. Kxf5 d4 44. Rg1+ Kf8 45. Kg4 d3 46. Kh5 Ke8 47. Kxh6
d2 48. Kh7 d1=Q 49. Rg8+ Kd7 50. Rg7 Ke6 51. Kh6 Qd2+ 52. Kh7 Qd3+ 53. Kh6 Qe3+
54. Kh7 Kxf6 55. h5 Qe4+ 56. Kh6 Rh8+ 57. Rh7 Rxh7# 0-1

[Event "Titled Tue 26th Aug Late"]
[Site "chess.com INT"]
[Date "2025.08.26"]
[Round "2"]
[White "Ellison, Jeremy"]
[Black "Mottola, Max"]
[Result "0-1"]
[WhiteTitle "CM"]
[WhiteElo "1819"]
[BlackElo "2183"]
[WhiteFideId "241000030"]
[BlackFideId "30985862"]
[EventDate "2025.08.26"]

1. d4 a5 2. Nc3 Nc6 3. Bf4 d6 4. e3 e5 5. dxe5 dxe5 6. Qxd8+ Kxd8 7. Bg3 Bb4 8.
Bb5 Nge7 9. Ne2 f6 10. O-O-O+ Ke8 11. Rhe1 Be6 12. a3 Bc5 13. Na4 Ba7 14. Nec3
Kf7 15. b3 Rad8 16. Nb2 Nb8 17. Be2 c6 18. Bf3 Nd7 19. Nca4 Nc5 20. Nxc5 Bxc5
21. a4 Bb4 22. Re2 Rxd1+ 23. Nxd1 Rd8 24. c3 Bxb3 25. cxb4 Bxd1 26. Rb2 Bxf3 27.
gxf3 axb4 28. Rxb4 Rd7 29. f4 Nd5 30. Rc4 exf4 31. Bxf4 g5 32. Bb8 Rd8 33. Bg3
Ra8 34. Kb2 Nb6 35. Rb4 Nxa4+ 36. Kb3 b5 37. Rd4 Nc5+ 38. Kb4 Na6+ 39. Kb3 Ra7
40. Rd6 Rc7 41. h4 h6 42. hxg5 hxg5 43. f4 Nc5+ 44. Kb4 Ne4 45. fxg5 Nxg3 46.
Rxf6+ Kg7 47. Re6 Nf5 48. Kc5 Rc8 49. e4 Nh4 50. Rd6 Nf3 51. Rd7+ Kg6 52. Rd3
Nxg5 53. Rd6+ Kh5 54. Re6 Kg4 55. Rg6 Kf4 56. Rg7 Nxe4+ 57. Kb4 Ke5 58. Re7+ Kd5
59. Rd7+ Nd6 60. Rh7 c5+ 61. Kb3 b4 62. Rh5+ Kc6 63. Rh6 Rg8 64. Rh3 Kb5 65. Rh5
Rg3+ 66. Kc2 b3+ 67. Kb2 Kb4 68. Rh4+ Nc4+ 69. Kc1 Rg1# 0-1

[Event "Titled Tue 26th Aug Late"]
[Site "chess.com INT"]
[Date "2025.08.26"]
[Round "2"]
[White "Benmesbah, Natacha"]
[Black "Zouaghi, Amir"]
[Result "0-1"]
[WhiteTitle "WGM"]
[BlackTitle "FM"]
[WhiteElo "2237"]
[BlackElo "2301"]
[WhiteFideId "642002"]
[BlackFideId "249262"]
[EventDate "2025.08.26"]

1. e4 e5 2. Bc4 Nf6 3. d4 Nc6 4. Nf3 exd4 5. Ng5 Ne5 6. Qxd4 Nxc4 7. Qxc4 Qe7 8.
O-O d6 9. Re1 Be6 10. Qa4+ Qd7 11. Qxd7+ Kxd7 12. Nxe6 fxe6 13. Nc3 e5 14. a4 a5
15. Bg5 c6 16. Rad1 Ke6 17. f4 exf4 18. Bxf4 Ng4 19. Ne2 g6 20. h3 Ne5 21. Nd4+
Ke7 22. Bg5+ Kd7 23. Bf6 Rg8 24. Nf3 Nxf3+ 25. gxf3 Bg7 26. Bxg7 Rxg7 27. Rd3
Re7 28. Red1 Re6 29. e5 d5 30. f4 Rf8 31. c4 Rxf4 32. cxd5 Rxe5 33. dxc6+ Kxc6
34. Rc3+ Kb6 35. Rb3+ Rb4 36. Rd6+ Kc5 37. Rxb4 axb4 38. Rd7 Re2 39. b3 Re3 40.
Rc7+ Kb6 41. Rxh7 Rxb3 42. Rg7 Ka5 43. Rxb7 Rxh3 44. Ra7+ Kb6 45. Ra8 b3 46.
Rb8+ Ka5 47. Ra8+ Kb4 48. Rb8+ Kxa4 49. Kg2 Rh5 50. Kf2 Rb5 51. Ke2 Rxb8 52. Kd2
b2 0-1

[Event "Titled Tue 26th Aug Late"]
[Site "chess.com INT"]
[Date "2025.08.26"]
[Round "2"]
[White "Nasuta, Grzegorz"]
[Black "Kawka, Milena"]
[Result "1-0"]
[WhiteTitle "GM"]
[BlackTitle "WCM"]
[WhiteElo "2513"]
[BlackElo "2017"]
[WhiteFideId "1141686"]
[BlackFideId "21095167"]
[EventDate "2025.08.26"]

1. e4 c6 2. d4 d5 3. e5 Bf5 4. Nf3 e6 5. Be2 Nd7 6. O-O a5 7. Nc3 a4 8. Rb1 Bb4
9. Bd3 Bxd3 10. cxd3 Ne7 11. Ne2 Nf5 12. a3 Be7 13. g4 Nh4 14. Nxh4 Bxh4 15. f4
f6 16. f5 fxe5 17. dxe5 Nxe5 18. d4 Nxg4 19. fxe6 Qd6 20. Ng3 h5 21. Bf4 Qe7 22.
Nxh5 Nf6 23. Ng3 O-O-O 24. Qe2 Rde8 25. Rbe1 Ne4 26. Nxe4 dxe4 27. Qxe4 Bf6 28.
d5 Rh4 29. d6 Qf8 30. d7+ Kd8 31. dxe8=Q+ Kxe8 32. Qg6+ Kd8 33. Rd1+ Kc8 34. Bg3
Rc4 35. Qd3 Qc5+ 36. Kh1 Rd4 37. Qf3 Qe7 38. Rxd4 Bxd4 39. Qf8+ Qxf8 40. Rxf8# 1-0

[Event "Titled Tue 26th Aug Late"]
[Site "chess.com INT"]
[Date "2025.08.26"]
[Round "2"]
[White "Ferrara, Enzo"]
[Black "Garcia Hernandez, Rebeca"]
[Result "1-0"]
[BlackTitle "WCM"]
[WhiteElo "2138"]
[BlackElo "1943"]
[WhiteFideId "137731"]
[BlackFideId "5180872"]
[EventDate "2025.08.26"]

1. d4 d5 2. Nf3 Nf6 3. g3 g6 4. Bg2 Bg7 5. O-O O-O 6. c4 c6 7. Nc3 dxc4 8. Ne5
Ng4 9. f4 Nxe5 10. fxe5 c5 11. e3 Nc6 12. Bd5 e6 13. Bxc6 bxc6 14. Ne4 cxd4 15.
exd4 Qd5 16. Nc3 Qd7 17. Be3 Bb7 18. Qg4 c5 19. Rad1 Qc6 20. d5 exd5 21. Nxd5
Rae8 22. Qxc4 Rxe5 23. Qxc5 Rxd5 24. Qxc6 Bxc6 25. Bxa7 Rxd1 26. Rxd1 Ra8 27.
Bc5 h5 28. Ba3 Rb8 29. Rc1 Be8 30. Rc2 Bf6 31. b3 Kg7 32. Bd6 Rd8 33. Bf4 Rd1+
34. Kf2 Bd4+ 35. Be3 Bxe3+ 36. Kxe3 Re1+ 37. Kd4 Rd1+ 38. Kc3 Rh1 39. a4 Bd7 40.
a5 Ra1 41. b4 Bb5 42. Kd4 1-0

[Event "Titled Tue 26th Aug Late"]
[Site "chess.com INT"]
[Date "2025.08.26"]
[Round "2"]
[White "Hernandez Leon, Sergio"]
[Black "Munoz, Francisco Javier"]
[Result "0-1"]
[WhiteTitle "CM"]
[BlackTitle "FM"]
[WhiteElo "2117"]
[BlackElo "2389"]
[WhiteFideId "2285622"]
[BlackFideId "128368"]
[EventDate "2025.08.26"]

1. e4 e5 2. Nf3 Nc6 3. d4 exd4 4. Nxd4 d6 5. Nc3 Bd7 6. Bc4 g6 7. O-O Bg7 8. Be3
Nge7 9. Qd2 O-O 10. a4 a6 11. f4 Nxd4 12. Bxd4 Bxd4+ 13. Qxd4 Nc6 14. Qd2 Be6
15. Nd5 Bxd5 16. Bxd5 Qf6 17. c3 Rab8 18. Rae1 Ne7 19. Ba2 Rbd8 20. Kh1 Qh4 21.
Re3 c6 22. Rh3 Qf6 23. Qe2 d5 24. e5 Qe6 25. Qf2 f6 26. Qh4 Rf7 27. g4 fxe5 28.
f5 Qf6 29. g5 Qd6 30. f6 Rdf8 31. Rf2 h5 32. gxh6 Rxf6 33. h7+ Kh8 34. Rg2 Rf1+
35. Rg1 Rxg1+ 36. Kxg1 Qf6 37. Qxf6+ Rxf6 38. Bb1 e4 39. Bc2 Nf5 40. Bd1 Rf7 41.
Bg4 Rxh7 42. Bxf5 gxf5 43. Re3 f4 0-1

[Event "Titled Tue 26th Aug Late"]
[Site "chess.com INT"]
[Date "2025.08.26"]
[Round "2"]
[White "Gorbenko, Rustem"]
[Black "Baches Garcia, Guillermo"]
[Result "1/2-1/2"]
[WhiteTitle "CM"]
[BlackTitle "IM"]
[WhiteElo "2201"]
[BlackElo "2305"]
[WhiteFideId "14111438"]
[BlackFideId "2209764"]
[EventDate "2025.08.26"]

1. d4 Nf6 2. c4 e6 3. Nf3 d5 4. Nc3 Bb4 5. Qa4+ Nc6 6. e3 O-O 7. Qc2 Re8 8. Bd2
a6 9. Bd3 dxc4 10. Bxc4 Bd6 11. O-O e5 12. Ng5 Rf8 13. Nce4 Nxe4 14. Nxe4 exd4
15. Nxd6 Qxd6 16. Rad1 Be6 17. Rfe1 Rad8 18. Bxe6 fxe6 19. exd4 Nxd4 20. Qe4 Qd5
21. Kf1 c5 22. Qxd5 Rxd5 23. Bc3 e5 24. Bxd4 cxd4 25. Ke2 Rc8 26. Rc1 Rdc5 27.
Rxc5 Rxc5 28. Kd3 a5 29. Re2 Kf7 30. f4 exf4 31. Kxd4 Rb5 32. b3 g5 33. h4 h6
34. hxg5 hxg5 35. Kc4 Rb4+ 36. Kc5 Kf6 37. Rd2 Kf5 38. Rd3 g4 39. a3 Re4 40. Kb6
Re3 41. Rd4 Rxb3+ 42. Kxa5 f3 43. gxf3 gxf3 44. Rd8 Kf4 45. Rf8+ Kg3 46. a4 f2
47. Rxf2 Kxf2 1/2-1/2

[Event "Titled Tue 26th Aug Late"]
[Site "chess.com INT"]
[Date "2025.08.26"]
[Round "2"]
[White "Becking, Stephan"]
[Black "Perelygin, Mikhail"]
[Result "1-0"]
[WhiteTitle "IM"]
[BlackTitle "CM"]
[WhiteElo "2410"]
[BlackElo "2227"]
[WhiteFideId "4632478"]
[BlackFideId "24153630"]
[EventDate "2025.08.26"]

1. d4 Nf6 2. Nf3 e6 3. c3 b6 4. Bg5 c5 5. e3 Bb7 6. Nbd2 Be7 7. Bd3 h6 8. Bh4 d5
9. O-O Nc6 10. Re1 O-O 11. a3 Rc8 12. b4 a6 13. h3 Qc7 14. Bg3 Bd6 15. Bxd6 Qxd6
16. Rb1 c4 17. Bc2 e5 18. Nxe5 Nxe5 19. dxe5 Qxe5 20. Nf3 Qxc3 21. a4 Rce8 22.
Nd4 Bc8 23. Qc1 Kh8 24. b5 a5 25. Ra1 Qb4 26. Bd1 Ne4 27. Bf3 f5 28. Qd1 Bd7 29.
Bxe4 fxe4 30. Ne2 Qc5 31. Qd2 g5 32. Rad1 Be6 33. Nd4 Bg8 34. Qe2 Kh7 35. Rd2
Re5 36. Red1 Re7 37. Qh5 Rf6 38. Ne2 c3 39. Rc2 Qb4 40. Nxc3 Qb3 41. Rdc1 Ref7
42. Nd1 Qxa4 43. Rc7 Qxb5 44. Rxf7+ Rxf7 45. Rc8 Qb1 46. Rc6 a4 47. Qxh6# 1-0